00781cam a22002534a 4500003000400000005001700004008004100021010001700062020002100079020002600100020002600126020003100152040002900183050002300212100005200235245001600287250001300303260004900316300004500365504005300410650001600463700002800479700002000507OSt20250814151130.0031030s2005 ohua b 001 0 eng  a 2003114842 a0324188005qhbk. a0324225016qintl. ed. a9780324188004q(hbk.) a9780324225013q(intl. ed.) cChuka University Library00aHF 5635b.W37 20051 aWarren, Carl S., James M. Reeve, Philip E. Fess10aAccounting  a21st ed. aMason, Ohio :bThomson/South-Western,c2005. a1 v. (various pagings) :bill. ;c29 cm. aIncludes bibliographical references and indexes. 0aAccounting.1 aReeve, James M.,d1953-1 aFess, Philip E.